LEADER 03793nam2 22006133i 450 001 UFI0141572 005 20251003044427.0 010 $a8820478323 100 $a19931111d1993 ||||0itac50 ba 101 | $aita 102 $ait 181 1$6z01$ai $bxxxe 182 1$6z01$an 200 1 $aDonne, azioni positive, pari opportunità, normative comunitarie, sentenze della Corte di giustizia europea$f[a cura di Maria Teresa Franco e Ornella Veglio! 210 $aMilano$cF. Angeli$dc1993 215 $a215 p.$d22 cm 300 $aPer i nomi degli A. cfr. il verso del front. 461 1$1001RMG0006625$12001 $aPari e dispari$eannuario ...$v4 464 1$1001LO11253955$12001 $aˆIl ‰diritto comunitario e le donne$fAnna Catasta.$1700 1$aCatasta$b, Anna$3MILV254020$4070 464 1$1001LO11253956$12001 $aˆLe ‰donne e i limiti della normativa comunitaria$fFausto Pocar.$1700 1$aPocar$b, Fausto$3CFIV006094$4070 464 1$1001LO11253958$12001 $aRecenti sviluppi della giurisprudenza comunitaria in tema di parità uomo - donna$fCarlo Curti Gialdino.$1700 1$aCurti Gialdino$b, Carlo$3RAVV035221$4070 464 1$1001LO11253960$12001 $aPari opportunità e azioni positive$eil diritto comunitario e la suaapplicazione nell'ordinamento giuridico italiano$fMaria Vittoria Ballestrero.$1700 1$aBallestrero$b, Maria Vittoria$3CFIV053186$4070 464 1$1001LO11253961$12001 $aTra parità e differenza$fBianca Beccalli.$1700 1$aBeccalli$b, Bianca$3RAVV006913$4070 464 1$1001LO11253963$12001 $aˆLo ‰scenario della legge 125/91$equali prospettive?$fCarlo Smuraglia.$1700 1$aSmuraglia$b, Carlo$3RAVV024321$4070 464 1$1001LO11253964$12001 $aQuali fonti giuridiche per le donne?$fCecilia Assanti.$1700 1$aAssanti$b, Cecilia$3CFIV098374$4070 464 1$1001LO11253966$12001 $aˆIl ‰diritto comunitario e le azioni positive$fAda Grecchi.$1700 1$aGrecchi$b, Ada$3MILV152595$4070 464 1$1001LO11253967$12001 $aLegge 125/91 e parità$elinee problematiche$fTiziano Treu.$1700 1$aTreu$b, Tiziano$3CFIV003901$4070 464 1$1001LO11253968$12001 $aScelta di sentenze della Corte di giustizia$eappendice. 464 1$1001LO11253970$12001 $aCommenti alle sentenze$fMaria Teresa Fulci.$1700 1$aFulci$b, Maria Teresa$3RMGV009155$4070 606 $aLavoratrici$xParità giuridica$xGiurisprudenza comunitaria$2FIR$3CFIC161766$9I 606 $aDonna$xParità$xGiurisprudenza comunitaria$2FIR$3LO1C956251$9I 606 $aLavoro delle donne$xGiurisprudenza comunitaria$2FIR$3LO1C956252$9I 606 $aLavoratrici$xDiscriminazione$xPrevenzione$2FIR$3LO1C956253$9I 606 $aCORTE DI GIUSTIZIA DELLE COMUNITA EUROPEE$xSentenze$2FIR$3NAPC109539$9I 676 $a341.4$9DIRITTO DELLE NAZIONI. Diritti umani$v14 676 $a341.481082$9Diritti fondamentali dell'uomo. Il soggetto riferito alle donne.$v20 676 $a341.763$9Diritto internazionale del lavoro$v22 676 $a346.0134$9CAPACITA GIURIDICA E STATUS GIURIDICO DELLE DONNE$v20 696 $aDonne lavoratrici 696 $aDonne$aLavoro 696 $aDonne lavoratrici 699 $aLavoratrici$yDonne lavoratrici 699 $aLavoro delle donne$xDonne$xLavoro 699 $aLavoratrici$yDonne lavoratrici 702 1$aVeglio$b, Ornella$3SBLV036969 702 1$aFranco$b, Maria Teresa$3UFIV098724 801 3$aIT$bIT-000000$c19931111 850 $aIT-BN0095 912 $aUFI0141572 950 2$aBiblioteca Centralizzata di Ateneo$c1 v.$d 01D (AR) 22 315$e 01AR 0700223155 VMA A4 1 v.$fY $h19971210$i20181119 967 $n11 977 $a 01 996 $aDONNE azioni positive, pari opportunità, normative comunitarie, sentenze della Corte di giustizia europea$9635218 997 $aUNISANNIO LEADER 04042nam 22008175 450 001 9910554280203321 005 20231110214951.0 010 $a3-0356-2223-X 024 7 $a10.1515/9783035622232 035 $a(CKB)4100000011916971 035 $a(DE-B1597)549601 035 $a(DE-B1597)9783035622232 035 $a(MiAaPQ)EBC6567390 035 $a(Au-PeEL)EBL6567390 035 $a(OCoLC)1249471215 035 $a(OCoLC)1253313639 035 $a(EXLCZ)994100000011916971 100 $a20210526h20212021 fg 101 0 $ager 135 $aur||||||||||| 181 $ctxt$2rdacontent 182 $cc$2rdamedia 183 $acr$2rdacarrier 200 00$aStadtbaustein Schule: Dichte Nutzung, urbane Vernetzung /$fhrsg. von Österreichische Gesellschaft für Architektur 205 $a21,6 x 14,8 210 1$aBasel : $cBirkhäuser, $d[2021] 210 4$d©2021 215 $a1 online resource (128 p.) 225 0 $aUmBau ;$v31 311 08$a3-0356-2221-3 327 $tFrontmatter -- $tInhalts -- $tEditorial -- $tLernen. Eine städtebauliche Untersuchung -- $tSchule als Gesellschaftsraum. Fragment einer Sehnsucht -- $tMehrfachnutzung von Schulen ? Drei Jahrzehnte mediale Darstellung -- $tDie Aufweitung des Raums -- $tAtlas unsichtbarer Räume -- $tSchulen für Zürich -- $tForm und Freiheit -- $t?Und draußen, wo es keine Regeln gibt, bin ich am liebsten? -- $tBildungsweg und Raumwahrnehmung -- $tAnhang -- $tKurzbiografien der AutorInnen -- $tBacklist -- $tDank und Bildnachweis -- $tImpressum 330 $aIn wachsenden Städten haben Schulstandorte das Potenzial, polyvalente Anlagen sowie lebendige Quartierszentren zu werden. UMBAU 31 untersucht sowohl theoretische als auch praktische Aspekte der Mehrfach- und Umnutzung von Bildungsbauten. Im Zentrum stehen Fragen des Schulumfelds und der Übergangsräume zwischen Schule und Stadt im Sinne eines gegenseitigen Lernens. 410 0$aUmBau 606 $aSchool facilities$xExtended use 606 $aSchool buildings$xUtilization 606 $aCities and towns 606 $aE?quipements scolaires$xUtilisation extensive 606 $aVilles 606 $acities$2aat 606 $aCities and towns$2fast$3(OCoLC)fst00861748 606 $aSchool buildings$xUtilization$2fast$3(OCoLC)fst01904607 606 $aSchool facilities$xExtended use$2fast$3(OCoLC)fst01107393 615 0$aSchool facilities$xExtended use. 615 0$aSchool buildings$xUtilization. 615 0$aCities and towns. 615 6$aE?quipements scolaires$xUtilisation extensive. 615 6$aVilles. 615 7$acities. 615 7$aCities and towns. 615 7$aSchool buildings$xUtilization. 615 7$aSchool facilities$xExtended use. 676 $a727 686 $aZH 6140$qSEPA$2rvk 702 $aAbu-Naim$b Basma, $4ctb$4https://id.loc.gov/vocabulary/relators/ctb 702 $aCavallar$b Claudia, $4ctb$4https://id.loc.gov/vocabulary/relators/ctb 702 $aFeiersinger$b Elise, $4ctb$4https://id.loc.gov/vocabulary/relators/ctb 702 $aHertzberger$b Herman, $4ctb$4https://id.loc.gov/vocabulary/relators/ctb 702 $aHoskyn$b Jeremy, $4ctb$4https://id.loc.gov/vocabulary/relators/ctb 702 $aHuhs$b Ulrich, $4ctb$4https://id.loc.gov/vocabulary/relators/ctb 702 $aKaiser$b Gabriele, $4ctb$4https://id.loc.gov/vocabulary/relators/ctb 702 $aLehn$b Antje, $4ctb$4https://id.loc.gov/vocabulary/relators/ctb 702 $aNovotny$b Maik, $4ctb$4https://id.loc.gov/vocabulary/relators/ctb 702 $aSchmidt$b Marika, $4ctb$4https://id.loc.gov/vocabulary/relators/ctb 702 $aSiegrist$b Felix, $4ctb$4https://id.loc.gov/vocabulary/relators/ctb 702 $aÖsterreichische Gesellschaft für Architektur$b , $4edt$4http://id.loc.gov/vocabulary/relators/edt 801 0$bDE-B1597 801 1$bDE-B1597 906 $aBOOK 912 $a9910554280203321 996 $aStadtbaustein Schule: Dichte Nutzung, urbane Vernetzung$92815962 997 $aUNINA